Culture Générale - Série 1607 - Statistiques

Statistiques générales
  • Ce quiz a été pris 152 fois
  • Le résultat moyen est 5 sur 10
Statistiques - réponses
Question Réponse % Correct
D'après les lois du jeu de la F.I.F.A., sur quelle surface joue-t-on au beach soccer ? sable
79%
Complétez ce tube de Jordy sorti en 1992 : "Dur dur d'être... bébé
73%
Quel État de la péninsule arabique a pour capitale Mascate ? Oman
68%
En 1944, quel homme politique accorde aux femmes françaises le droit de vote ? Charles de Gaulle
64%
À quel peintre, prénommé Fernand, doit-on la “Joconde aux clés”, en 1930 ? Fernand Léger
47%
Quelle est la capitale de l'État d'Arizona ? Phoenix
38%
Quel Britannique, prénommé William, précurseur de l'impressionnisme, peint vers 1835 “L'Incendie du Parlement” ? William Turner
36%
Sous quel nom connait-on mieux le chanteur Alain Le Govic ? Alain Chamfort
24%
Sous quel nom connait-on mieux le chanteur Daniel Bevilacqua ? Christophe
20%
Dans quel feuilleton Robin Wright Penn était-elle la douce Kelly Capwell ? Santa Barbara
19%
Aucun quiz correspondant
Distribution des résultats
% des personnes avec chaque résultat
Percentile par nombre de réponses
Votre historique - résultats
Vous n’avez pas pris ce quiz